000 00717nam a2200217Ia 4500
003 GCL
008 140319s9999 xx 000 0 ara d
040 _aGCL /
_cGCL
082 0 4 _a816.07
_bع ر
100 1 _aعاطف غالى
245 1 0 _aرسالة الى شاب اسرائيلى /
_cعاطف غالى
260 _aالقاهرة :
_bالاسرار ،
_c1996
260 _aالقاهرة :
_bمطابع الاهرام ،
_c1996
300 _a153 ص ؛
_c24 سم
490 _aكتاب الاسرار
_v0
650 0 4 _aالادب العربى
650 0 4 _aالرسائل
650 0 4 _aالرسائل العربية - مجموعات
650 0 4 _aالرسائل العربية - مصر
942 _2ddc
_cBK
999 _c9935
_d9935